| 000 | 00788cam a2200289 4500 | ||
|---|---|---|---|
| 008 | 090401t1999 xxu||||| |||| 00| 0 eng d | ||
| 020 | _a0854069445 | ||
| 035 | _a(Sirsi) u91947 | ||
| 041 | _aeng | ||
| 050 | _a711.558 | ||
| 110 |
_aRoyal Institution of Chartered Surveyors _94900 |
||
| 245 | 4 | _aThe countryside : a rural strategy. | |
| 260 |
_aLondon _bRICS _c1999 |
||
| 300 | _a32p. : ill. ; 30cm. | ||
| 350 | _a0 | ||
| 650 | _aCOUNTRYSIDE | ||
| 650 | _aRURAL ENVIRONMENT | ||
| 650 | _aRURAL PLANNING | ||
| 650 | _aRURAL POLICY | ||
| 650 | _aSUSTAINABLE DEVELOPMENT | ||
| 690 | _aRURAL PRACTICE | ||
| 700 |
_aSayers, Julian _xChairman |
||
| 710 |
_aRoyal Town Planning Institute _91206 |
||
| 710 | _aPlanning Officers` Society | ||
| 942 | _n0 | ||
| 948 | _c11/03/1999 | ||
| 999 |
_c97696 _d97696 |
||